000 00546nam a2200193Ia 4500
999 _c6296
_d6296
003 OSt
005 20210125154212.0
008 151021s9999 xx 000 0 und d
020 _a9966445102
040 _aMMU
_beng
_cMMU
_dMMU
050 _aTX 167 .K31 2004
245 _aSecondary Home Science Form two/
_cMinistry of education.
250 _a3rd ed.
260 _aNairobi :
_b Kenya Literature Bureau,
_c1988.
300 _axi, 187 p. :
500 _aIncludes Index
650 _aEnvironmental Hygiene
942 _2lcc
_cLOAN LOAN
_e3rd ed.